000 01581nam a22004217a 4500
001 0045612
003 KOHA_MİRAKIL
005 20260207003451.0
007 ta
008 140205b2012 tu |||gr||||#||||0|ota |
020 _a9789751736543
_c18,59
040 _aTR-BiSEU
_btur
_cTR-BiSEU
_erda
041 0 _aota
044 _ctu
050 _aQA445
_b.N37 2012
100 0 _aNasiruddin Tusi.
240 1 0 _aEukleides'in elemanlar kitabının tahriri
_lOsmanlıca
245 1 _aTahriru Usuli'l-Hendese Ve'l-Hisab =
_bEukleides'in elemanlar kitabının tahriri/
_cNasiruddin Tusi ; Nasiruddin Tusi : Yayına hazırlayan İhsan Fazlıoğlu.
246 _aİnceleme - tıpkıbasım
264 1 _aİstanbul :
_bTürkiye Yazma Eserler Kurumu Başkanlığı
_c2012
300 _a64, 148 sayfa; 25 cm.
336 _ametin
_btxt
_2rdacontent
337 _aaracısız
_bn
_2rdamedia
338 _acilt
_bnc
_2rdacarrier
490 1 _aTürkiye Yazma Eserler Kurumu Başkanlığı yayınları ;
_v2.
490 1 _aTıpkı basım serisi ;
_v1.
490 1 _aFatih kitaplığı serisi ;
_v1
500 _aKaynakça ve dizin var.
500 _aArşiv kayıt: Millet Yazma Eser Kütüphanesi, Feyzullah Efendi Koleksiyonu, No : 1359.
650 0 _aMatematik.
_91486
650 0 _aEukleides.
_984030
650 0 _aGeometri.
_91520
650 0 _aBilim tarihi.
_949559
830 1 _aTürkiye Yazma Eserler Kurumu Başkanlığı yayınları ;
_v2.
_984004
830 1 _aTıpkı basım serisi ;
_v1.
_984028
830 1 _aFatih kitaplığı serisi ;
_v1
_984031
856 4 0 _uhttp://www.ekitap.yek.gov.tr/Home/Show2?BOOK_NO=2
942 _2lcc
_cBK
999 _c45581
_d45581